书目信息 |
| 题名: |
冠心病监护
|
|
| 作者: | 神原启文 , 门田和纪 著 ;程琦 译 | |
| 分册: | ||
| 出版信息: | 哈尔滨 黑龙江科学技术出版社 1983 |
|
| 页数: | 222页 | |
| 开本: | 19cm | |
| 丛书名: | ||
| 单 册: | ||
| 中图分类: | R541.4 , B543.3 | |
| 科图分类: | ||
| 主题词: | 冠心病-监护 , 监护-冠心病 , 哲学--欧洲 | |
| 电子资源: | ||
| ISBN: | ||
| 000 | 00819nam0 2200301 45 | |
| 001 | 0183001087 | |
| 005 | 20040524111259.6 | |
| 010 | @dCNY0.82 | |
| 091 | @a14217.039 | |
| 100 | @a19950726d1983 em y0chiy0121 ea | |
| 101 | 1 | @achi@cjpn |
| 102 | @aCN@b230000 | |
| 105 | @ay z 000yy | |
| 106 | @ar | |
| 200 | 10 | @a冠心病监护@Aguan xin bing jian hu@f(日)神原启文,(日)门田和纪著@g程琦译 |
| 210 | @a哈尔滨@c黑龙江科学技术出版社@d1983 | |
| 215 | @a222页@d19cm | |
| 606 | @a冠心病-监护 | |
| 606 | @a监护-冠心病 | |
| 606 | 0 | @a哲学@x欧洲 |
| 690 | @aR541.4@v3 | |
| 690 | @aB543.3 | |
| 701 | 0 | @a神原启文@Ashen yuan qi wen@4著 |
| 701 | 0 | @a门田和纪@Amen tian he ji@4著 |
| 702 | 0 | @a程琦@Acheng qi@4译 |
| 801 | 0 | @aCN@b上海图书馆@c20040524 |
| 801 | 2 | @aCN@bNLC@c20040524 |
| 905 | @f1@b100958@dB543.3@e11 | |
| 冠心病监护/(日)神原启文,(日)门田和纪著/程琦译.-哈尔滨:黑龙江科学技术出版社,1983 |
| 222页;19cm |
| ISBN :CNY0.82 |
| ● |
| 相关链接 |
|
|
|
|
正题名:冠心病监护
索取号:B543.3/11
 
预约/预借
| 序号 | 登录号 | 条形码 | 馆藏地/架位号 | 状态 | 备注 |
| 1 | 0100958 | 000715186 | 第一借阅区/ [索取号:B543.3/11] | 在馆 |